[Event "Druzynowe Mistrzostwa Polski - II Liga 2023"]
[Site "Jastrzebia Gora"]
[Date "1899-12-30"]
[Round "1.28"]
[White "Spyra, Piotr"]
[Black "Demianowicz, Maciej"]
[Result "1/2-1/2"]
[WhiteTitle "I"]
[BlackTitle "I"]
[WhiteElo "1850"]
[BlackElo "1975"]

1. e4 c5 2. c3 d5 3. exd5 Qxd5 4. d4 Nc6 5. Nf3 Bg4 6. Be2 e6 7. h3 Bh5 8. Be3
cxd4 9. cxd4 Nf6 10. Nc3 Qd6 11. O-O Be7 12. a3 O-O 13. Qb3 a6 14. Rfd1 b5 15.
d5 Na5 16. Qa2 Rfc8 17. dxe6 Qxe6 18. Qxe6 fxe6 19. g4 Bf7 20. Ne5 Nc6 21. Nxc6
Rxc6 22. Bf3 Nd5 23. Rxd5 exd5 24. Nxd5 Bd8 25. Nb4 Rcc8 26. Rd1 Bb3 27. Rd7 Bf6
28. Bxa8 Rxa8 29. Bd4 Bxd4 30. Rxd4 a5 31. Nc6 h6 32. f4 Kf8 33. Kf2 a4 34. Rd8+
Rxd8 35. Nxd8 Bd5 36. f5 Ke7 37. Ne6 Bxe6 38. fxe6 Kxe6 39. Ke3 Ke5 40. Kd3 Kf4
41. Kc3 Kg3 42. Kb4 Kxh3 43. Kxb5 Kxg4 44. Kxa4 h5 45. b4 h4 46. b5 h3 47. b6
h2 48. b7 h1=Q 49. b8=Q Qe4+ 50. Qb4 1/2-1/2

[Event "Druzynowe Mistrzostwa Polski - II Liga 2023"]
[Site "Jastrzebia Gora"]
[Date "1899-12-30"]
[Round "1.29"]
[White "Polarczyk, Pawel"]
[Black "Kotula, Pawel"]
[Result "0-1"]
[WhiteTitle "II+"]
[BlackTitle "I"]
[WhiteElo "1709"]
[BlackElo "1712"]

1. d4 Nf6 2. c4 e6 3. Nc3 d5 4. Nf3 Bb4 5. Qb3 Nc6 6. e3 O-O 7. cxd5 exd5 8. Bd3
Bg4 9. Ne5 Bxc3+ 10. Qxc3 Nxe5 11. dxe5 Nd7 12. Qd4 Be6 13. f4 c5 14. Qc3 c4 15.
Bc2 Qh4+ 16. Kf1 f6 17. exf6 Nxf6 18. Qe1 Qh5 19. Kg1 Rae8 20. Bd1 Qf5 21. Bf3
Bd7 22. Qc3 Ne4 23. Bxe4 Qxe4 24. Bd2 Bc6 25. Qd4 Qg6 26. Re1 Re4 27. Qc5 b6 28.
Qb4 a5 29. Qxb6 d4 30. Re2 dxe3 31. Bxa5 Rexf4 32. h3 Rf1+ 33. Kh2 Qd6+ 0-1

[Event "Druzynowe Mistrzostwa Polski - II Liga 2023"]
[Site "Jastrzebia Gora"]
[Date "1899-12-30"]
[Round "1.30"]
[White "Szymura, Oliwia"]
[Black "Andrzejewska, Anna"]
[Result "0-1"]
[WhiteTitle "II+"]
[BlackTitle "WCM"]
[WhiteElo "1176"]
[BlackElo "1944"]

1. e4 e5 2. Nf3 Nc6 3. Nc3 Nf6 4. Bc4 Bc5 5. a3 d6 6. b4 Bb6 7. h3 O-O 8. d3 h6
9. O-O Be6 10. Nd5 Bxd5 11. exd5 Ne7 12. a4 a6 13. a5 Ba7 14. b5 axb5 15. Bxb5
Nexd5 16. Bb2 c6 17. Bc4 Nf4 18. Qd2 N6d5 19. a6 bxa6 20. Rxa6 Bb6 21. Rxa8 Qxa8
22. Ra1 Qb7 23. Rb1 Rb8 24. Kh2 Qa7 25. Ra1 Qd7 26. Nxe5 dxe5 27. Bxe5 Bc7 28.
Ra7 Ne6 29. Bxd5 Bxe5+ 30. g3 Qxa7 31. Bxc6 Nd4 32. Be4 Qc7 33. c4 Ne6 34. Qe2
Rb2 35. Qf3 Ng5 36. Qe3 Nxe4 37. dxe4 Qxc4 38. Kg2 Bd4 39. Qf4 Rxf2+ 40. Qxf2
Bxf2 41. Kxf2 Qxe4 42. Kg1 Qc2 43. h4 h5 44. g4 hxg4 45. h5 g3 0-1

[Event "Druzynowe Mistrzostwa Polski - II Liga 2023"]
[Site "Jastrzebia Gora"]
[Date "1899-12-30"]
[Round "1.31"]
[White "Jaskolka, Tomasz"]
[Black "Koziorowicz, Michal"]
[Result "1-0"]
[WhiteTitle "CM"]
[BlackTitle "FM"]
[WhiteElo "2228"]
[BlackElo "2321"]

1. d4 Nf6 2. c4 g6 3. g3 Bg7 4. Bg2 O-O 5. Nc3 d6 6. Nf3 Nc6 7. O-O e5 8. dxe5
Nxe5 9. Nxe5 dxe5 10. Qxd8 Rxd8 11. Bg5 Rd4 12. Be3 Rxc4 13. Rfd1 Be6 14. Bxb7
Rb8 15. Ba6 Rcb4 16. b3 Bf8 17. Na4 Ng4 18. Bd2 Rd4 19. Ba5 c5 20. Rdc1 Bc8 21.
Bc4 e4 22. Bc3 Bd7 23. Bxd4 cxd4 24. Rd1 Bxa4 25. bxa4 d3 26. exd3 Rb2 27. Rab1
Rc2 28. Rbc1 Rb2 29. Rf1 e3 30. fxe3 Bh6 31. Rf4 Nxe3 32. Bxf7+ Kg7 33. Rf3 Ng4
34. Re1 Bg5 35. Be6 Nf6 36. Rf2 Rb4 37. h4 Bh6 38. Bc4 Rb7 39. Rfe2 Kf8 40. Re6
Bg7 41. g4 Rb8 42. g5 1-0

[Event "Druzynowe Mistrzostwa Polski - II Liga 2023"]
[Site "Jastrzebia Gora"]
[Date "1899-12-30"]
[Round "1.32"]
[White "Marczuk, Dominik"]
[Black "Pulik, Krzysztof"]
[Result "1-0"]
[WhiteTitle "FM"]
[BlackTitle "k"]
[WhiteElo "2253"]
[BlackElo "2074"]

1. e4 e6 2. d4 d5 3. Nc3 Bb4 4. e5 Ne7 5. Qg4 c5 6. Nf3 Nbc6 7. Bd2 cxd4 8. Nxd4
Nxd4 9. Qxd4 Ba5 10. Bd3 O-O 11. Qh4 Ng6 12. Qg3 f5 13. f4 Bd7 14. O-O-O Rc8 15.
h4 Ne7 16. h5 a6 17. Kb1 Nc6 18. a3 b5 19. h6 g6 20. Qf3 Bxc3 21. Bxc3 Qb6 22.
g4 b4 23. axb4 Nxb4 24. Bxb4 Qxb4 25. gxf5 Rb8 26. b3 Qc3 27. Qg2 Be8 28. fxg6
hxg6 29. Bxg6 Rxb3+ 30. cxb3 Qxb3+ 31. Kc1 Qa3+ 32. Kd2 Kh8 33. Rh3 Qb2+ 34. Bc2
Qd4+ 35. Ke1 Qb4+ 36. Qd2 Qc5 37. Qd3 Qb4+ 38. Rd2 Rf7 39. Qd4 Qa5 40. Rb3 Bb5
41. Bd3 1-0

[Event "Druzynowe Mistrzostwa Polski - II Liga 2023"]
[Site "Jastrzebia Gora"]
[Date "1899-12-30"]
[Round "1.33"]
[White "Wozniak, Maciej"]
[Black "Chmiel, Marcin"]
[Result "0-1"]
[WhiteTitle "k"]
[BlackTitle "k+"]
[WhiteElo "1999"]
[BlackElo "2184"]

1. e4 e5 2. Nf3 Nc6 3. Bc4 Bc5 4. O-O Nf6 5. d4 Bxd4 6. Nxd4 Nxd4 7. Bg5 d6 8.
f4 Qe7 9. Na3 Bd7 10. Bxf6 gxf6 11. f5 O-O-O 12. c3 Nc6 13. Nc2 Qf8 14. Ne3 Ne7
15. b4 h5 16. b5 d5 17. Be2 dxe4 18. Qa4 Kb8 19. Qxe4 Nc8 20. Qc4 Nb6 21. Qb3
Qc5 22. c4 Bc8 23. Kh1 Rd2 24. Rfe1 Qd4 25. a4 Rxe2 26. a5 Nd7 27. Nd5 Nc5 28.
Qa3 Rxe1+ 29. Rxe1 Nd3 30. Re3 Qb2 31. Qxb2 Nxb2 32. c5 Rd8 33. Nc3 Nd1 0-1

[Event "Druzynowe Mistrzostwa Polski - II Liga 2023"]
[Site "Jastrzebia Gora"]
[Date "1899-12-30"]
[Round "1.34"]
[White "Dylag, Emilia"]
[Black "Wozniak, Marcin"]
[Result "1-0"]
[WhiteTitle "WFM"]
[BlackTitle "I++"]
[WhiteElo "2169"]
[BlackElo "1817"]

1. d4 Nf6 2. c4 e6 3. g3 c5 4. d5 exd5 5. cxd5 b5 6. Bg2 d6 7. Nf3 Bb7 8. Nh4 Nbd7
9. O-O Nb6 10. e4 g6 11. Qe2 a6 12. e5 Nfxd5 13. exd6+ Kd7 14. Nc3 Nxc3 15. bxc3
Bxg2 16. Nxg2 Bxd6 17. Rd1 Nc4 18. Bf4 Qe7 19. Qf3 Kc7 20. Ne3 Ne5 21. Nd5+ Kb8
22. Qe3 Qe6 23. Nb6 Re8 24. Bxe5 Bxe5 25. Nxa8 Qc6 26. Nb6 Qxb6 27. Rd5 f6 28.
Rxc5 Re6 29. Rd1 Bc7 30. Qd4 Rd6 31. Rd5 Rc6 32. Qxb6+ Rxb6 33. Rd7 h5 34. Kg2
Rc6 35. R1d3 Be5 36. Rg7 Rc8 37. Rdd7 Rxc3 38. Rd8+ Rc8 39. Rxc8+ Kxc8 40. Ra7
b4 41. Rxa6 Kb7 42. Re6 Bc3 43. Kf3 Kc7 44. Ke4 Kd7 45. Kd5 g5 46. Ra6 1-0

[Event "Druzynowe Mistrzostwa Polski - II Liga 2023"]
[Site "Jastrzebia Gora"]
[Date "1899-12-30"]
[Round "1.35"]
[White "Wozny, Tomasz"]
[Black "Owoc, Jakub"]
[Result "0-1"]
[WhiteTitle "I"]
[BlackTitle "I+"]
[WhiteElo "1757"]
[BlackElo "1915"]

1. d4 Nf6 2. Nf3 g6 3. Bf4 Bg7 4. e3 d6 5. h3 O-O 6. Be2 Bf5 7. O-O Re8 8. c3 Nbd7
9. Bh2 e5 10. dxe5 Nxe5 11. Nxe5 dxe5 12. Qa4 c6 13. g4 Bd7 14. Rd1 Qe7 15. Qa3
c5 16. Nd2 h5 17. g5 Nh7 18. h4 Bc6 19. Bf3 e4 20. Bg2 f6 21. Qb3+ Kh8 22. Nc4
fxg5 23. Rd6 gxh4 24. Rxg6 Qf7 25. Nd6 Qxg6 26. Nf7+ Kg8 27. Nd8+ Kf8 28. Bd6+
Re7 29. Bxe7+ Kxe7 30. Nxc6+ Qxc6 31. Bh3 Rd8 32. Kh1 Ng5 33. Rg1 Bf6 34. Bf5
Qd5 35. Bg6 Qxb3 36. axb3 Nf3 37. Ra1 Rd2 38. Bxe4 Rxf2 39. Bxf3 Rxf3 40. Rxa7
h3 41. Rxb7+ Ke6 42. Rb6+ Kf5 43. Rd6 Rf1+ 0-1

[Event "Druzynowe Mistrzostwa Polski - II Liga 2023"]
[Site "Jastrzebia Gora"]
[Date "1899-12-30"]
[Round "1.36"]
[White "Jedrocha, Katarzyna"]
[Black "Trybowska, Barbara"]
[Result "1/2-1/2"]
[WhiteTitle "k"]
[BlackTitle "I++"]
[WhiteElo "1976"]
[BlackElo "1836"]

1. e4 c5 2. Nf3 d6 3. d4 cxd4 4. Nxd4 Nf6 5. Nc3 a6 6. g3 g6 7. Bg2 Bg7 8. O-O
O-O 9. h3 Nc6 10. Be3 Bd7 11. Nd5 Nxd4 12. Bxd4 Nxd5 13. exd5 Rc8 14. c3 Qc7 15.
Bxg7 Kxg7 16. Qd4+ Kg8 17. Rad1 Qc4 18. Rfe1 Qxd4 19. Rxd4 Rfe8 20. h4 Kf8 21.
Bf1 Rc5 22. Bd3 e5 23. dxe6 Rxe6 24. Rxe6 Bxe6 25. Rxd6 Bxa2 26. Be4 Rb5 27. b4
Ke7 28. Rd4 Be6 29. Kf1 Bf5 30. Bf3 h5 31. Ke2 Re5+ 32. Kd2 b6 33. Bd1 Be6 34.
Ba4 1/2-1/2

[Event "Druzynowe Mistrzostwa Polski - II Liga 2023"]
[Site "Jastrzebia Gora"]
[Date "1899-12-30"]
[Round "1.38"]
[White "Grajczak, Adrian"]
[Black "Bronowicki, Mateusz"]
[Result "1/2-1/2"]
[WhiteTitle "I++"]
[BlackTitle "FM"]
[WhiteElo "1858"]
[BlackElo "2189"]

1. e4 e6 2. d3 d5 3. Nd2 Nf6 4. Ngf3 Nc6 5. Be2 b6 6. O-O a5 7. exd5 Nxd5 8. Ne4
Be7 9. d4 O-O 10. c4 Nf6 11. Nc3 Bb7 12. Bf4 Bd6 13. Bg5 h6 14. Bh4 Be7 15. Qd2
Ne4 1/2-1/2

[Event "Druzynowe Mistrzostwa Polski - II Liga 2023"]
[Site "Jastrzebia Gora"]
[Date "1899-12-30"]
[Round "1.39"]
[White "Cajbel, Maciej"]
[Black "Brylowski, Marian"]
[Result "0-1"]
[WhiteTitle "k"]
[BlackTitle "I++"]
[WhiteElo "2151"]
[BlackElo "1927"]

1. c4 e6 2. g3 d5 3. Bg2 c5 4. Nf3 Nc6 5. O-O Nf6 6. b3 Be7 7. e3 O-O 8. Bb2 b6
9. cxd5 exd5 10. d4 Ba6 11. Re1 Rc8 12. Nc3 c4 13. Ne5 Na5 14. Ng4 Nxg4 15. Qxg4
Bb7 16. e4 cxb3 17. axb3 Bb4 18. Re3 dxe4 19. Bxe4 Bxe4 20. Qxe4 Nxb3 21. Rxa7
Nd2 22. Qg4 Nc4 23. Rd7 Nxe3 24. fxe3 h5 25. Qf5 Qe8 26. Nd5 Rc4 27. Rb7 Qe6 28.
Qg5 Bd6 29. e4 Rc2 30. Bc3 Rc8 31. Bd2 Rxd2 32. Qxd2 Qxe4 33. Rxb6 Qxd5 34. Rb1
Be7 35. Rd1 Bf6 36. Qe3 Rc2 0-1

[Event "Druzynowe Mistrzostwa Polski - II Liga 2023"]
[Site "Jastrzebia Gora"]
[Date "1899-12-30"]
[Round "1.40"]
[White "Brylowski, Stefan"]
[Black "Piotrowski, Przemyslaw"]
[Result "1/2-1/2"]
[WhiteTitle "I++"]
[BlackTitle "FM"]
[WhiteElo "1942"]
[BlackElo "2258"]

1. d4 c5 2. e3 Nf6 3. Nf3 g6 4. c4 Bg7 5. Be2 O-O 6. O-O cxd4 7. exd4 d5 8. h3
Nc6 9. Nc3 b6 10. Bg5 Bb7 11. Rc1 Rc8 12. Re1 dxc4 13. Bxc4 Nxd4 14. Bxf7+ Rxf7
15. Nxd4 Ne4 16. Ne6 Qxd1 17. Nxd1 Nxg5 18. Rxc8+ Bxc8 19. Nxg5 Rf8 20. Ne4 Bb7
21. Ndc3 Bd4 22. Re2 a6 23. Ng5 e5 24. Ne6 Rf6 25. Nxd4 exd4 26. Nd1 Kf7 27. f3
a5 28. Rd2 Rd6 29. Nc3 Ba6 30. Ne4 Rd7 31. Kf2 h6 32. Ke1 Ke6 33. Rc2 Bb7 34.
Nf2 Kf5 35. Nd3 Ba6 36. Kd2 Re7 37. Rc6 Re3 38. g4+ Kg5 39. f4+ Kh4 40. Ne5 Re2+
41. Kc1 g5 42. Nf3+ Kg3 43. Nxd4 Re4 44. Nf5+ Kxh3 45. fxg5 hxg5 46. Rxb6 Be2
47. Nh6 Bxg4 48. Rb5 Kh4 49. Nf7 Bd7 50. Rxg5 Re7 51. Rg7 Kh5 52. Rg5+ Kh4 53.
Rg7 1/2-1/2

[Event "Druzynowe Mistrzostwa Polski - II Liga 2023"]
[Site "Jastrzebia Gora"]
[Date "1899-12-30"]
[Round "1.41"]
[White "Stelmaszuk, Maciej"]
[Black "Sobolewski, Piotr"]
[Result "1/2-1/2"]
[WhiteTitle "I+"]
[BlackTitle "k"]
[WhiteElo "1944"]
[BlackElo "1939"]

1. Nf3 e6 2. c4 f5 3. g3 Nf6 4. Bg2 Be7 5. O-O O-O 6. d4 Ne4 7. Qc2 Bf6 8. Nc3
d5 9. Rd1 Nc6 10. cxd5 exd5 11. Qb3 Nxc3 12. bxc3 Na5 13. Qc2 Re8 14. Ne5 Be6
15. f4 c6 16. a4 Rc8 17. Qd3 Rc7 18. Ba3 Bxe5 19. fxe5 Nc4 20. Rf1 Nxa3 21. Rxa3
Rf7 22. Bh3 f4 23. Bxe6 Rxe6 24. Rf3 Rg6 25. c4 fxg3 26. Rxg3 Rxg3+ 27. hxg3 Qg5
28. Rc3 dxc4 29. Qxc4 Qd8 30. Rb3 b6 31. Rf3 Qd5 32. Qxd5 cxd5 33. Rc3 Kf8 34.
Rc6 Ke8 35. Kg2 Kd8 1/2-1/2

[Event "Druzynowe Mistrzostwa Polski - II Liga 2023"]
[Site "Jastrzebia Gora"]
[Date "1899-12-30"]
[Round "1.42"]
[White "Baginskaite, Kamile"]
[Black "Owczarek, Monika"]
[Result "1-0"]
[WhiteTitle "WGM"]
[BlackTitle "I"]
[WhiteElo "2097"]
[BlackElo "1544"]

1. d4 d5 2. c4 e6 3. Nc3 h6 4. Nf3 Nf6 5. g3 Bb4 6. Qb3 Bxc3+ 7. Qxc3 O-O 8. Bg2
Nbd7 9. O-O Re8 10. Ne5 dxc4 11. Nxc4 Nd5 12. Qb3 N5b6 13. Bf4 Nxc4 14. Qxc4 c6
15. Rfd1 Qf6 16. Qc2 Qe7 17. Qc3 Nb6 18. e4 Nd7 19. Rac1 Nf8 20. Be3 Ng6 21. Qc5
Qxc5 22. Rxc5 e5 23. dxe5 Nxe5 24. h3 Nd7 25. Ra5 a6 26. g4 f6 27. f4 Nf8 28.
Bb6 Be6 29. b3 Nd7 30. Bc7 Nf8 31. e5 fxe5 32. Rxe5 Bf7 33. Rxe8 Rxe8 34. f5 Rc8
35. Bb6 Re8 36. Kf2 Kh8 37. h4 h5 38. g5 Bg8 39. Rd8 Rxd8 40. Bxd8 Nd7 41. Ke3
Ne5 42. Kd4 Nd7 43. Bf3 c5+ 44. Kc3 b5 45. Bxh5 Bd5 46. Bc7 Kg8 47. Be8 Nf8 48.
Bd6 c4 49. b4 Be4 50. g6 Bd5 51. a3 1-0

[Event "Druzynowe Mistrzostwa Polski - II Liga 2023"]
[Site "Jastrzebia Gora"]
[Date "1899-12-30"]
[Round "1.43"]
[White "Banasik, Krzysztof"]
[Black "Bebel, Arkadiusz"]
[Result "1-0"]
[WhiteTitle "k+"]
[BlackTitle "FM"]
[WhiteElo "2211"]
[BlackElo "2250"]

1. e4 e6 2. Qe2 Be7 3. g3 d5 4. d3 Nf6 5. Nf3 b5 6. Bg2 O-O 7. e5 Nfd7 8. O-O c5
9. Nbd2 Nc6 10. Re1 b4 11. h4 a5 12. h5 h6 13. Nf1 Ba6 14. N1h2 a4 15. Qd1 Qb6
16. Ng4 Rfc8 17. Bf4 Qd8 18. a3 Rab8 19. axb4 Rxb4 20. c3 Rxb2 21. Rxa4 Bb5 22.
Ra1 c4 23. Qc1 Rb3 24. d4 Ra8 25. Rxa8 Qxa8 26. Bxh6 Qf8 27. Bg5 Ba3 28. Qf4 Nd8
29. h6 f5 30. exf6 gxf6 31. Nxf6+ Nxf6 32. Bxf6 Nf7 33. Qg4+ Kh7 34. Qxe6 1-0

[Event "Druzynowe Mistrzostwa Polski - II Liga 2023"]
[Site "Jastrzebia Gora"]
[Date "1899-12-30"]
[Round "1.44"]
[White "Zysko, Jan"]
[Black "Ciszewski, Krzysztof"]
[Result "1-0"]
[WhiteTitle "k+"]
[BlackTitle "k"]
[WhiteElo "2167"]
[BlackElo "2055"]

1. e4 c5 2. Nf3 d6 3. d4 cxd4 4. Nxd4 Nf6 5. Nc3 a6 6. Be2 e5 7. Nb3 Be7 8. O-O
O-O 9. Re1 Be6 10. Bf3 b5 11. a4 b4 12. Nd5 Bxd5 13. exd5 a5 14. Be2 Ne8 15. c3
bxc3 16. bxc3 f5 17. c4 Nd7 18. Ba3 Nef6 19. Rc1 Ne4 20. Bd3 Nec5 21. Nxc5 dxc5
22. d6 Bg5 23. Rb1 Kh8 24. Bf1 Bf6 25. Qd5 Rc8 26. Rb5 Nb6 27. Qd2 e4 28. Qxa5
Nd7 29. Qxd8 Rfxd8 30. Rd1 Bd4 31. Bb2 Nf6 32. Bxd4 Rxd6 33. Bxf6 Rxd1 34. Be5
Rd7 35. a5 Kg8 36. a6 Ra7 37. Rb7 Rca8 38. g4 fxg4 39. Bg2 g6 40. Bxe4 Kf8 41.
Rxa7 Rxa7 42. Bb7 1-0

[Event "Druzynowe Mistrzostwa Polski - II Liga 2023"]
[Site "Jastrzebia Gora"]
[Date "1899-12-30"]
[Round "1.45"]
[White "Budzisz, Adrian"]
[Black "Solnicki, Michal"]
[Result "0-1"]
[WhiteTitle "k"]
[BlackTitle "k"]
[WhiteElo "2084"]
[BlackElo "2110"]

1. d4 Nf6 2. c4 e6 3. g3 Bb4+ 4. Bd2 Be7 5. Bg2 d5 6. Nf3 O-O 7. b3 dxc4 8. bxc4
c5 9. e3 Nc6 10. Bc3 cxd4 11. exd4 Ne4 12. O-O Nxc3 13. Nxc3 Na5 14. Qd3 Qc7 15.
Ne5 Rd8 16. Rfd1 a6 17. Bf1 Bd7 18. Qf3 Be8 19. Bd3 g6 20. Qf4 Rac8 21. Qe3 Bf6
22. f4 Bg7 23. Rac1 f6 24. Nf3 Nxc4 25. Qxe6+ Bf7 26. Qe2 b5 27. a4 Re8 28. Qf2
Ne3 29. Re1 Ng4 30. Qd2 Rxe1+ 31. Qxe1 Re8 32. Qd2 Qb7 33. d5 b4 34. Ne4 Bxd5
35. Nc5 Qf7 36. Bxa6 Bf8 37. Qd4 Ne3 38. Nd2 Nf5 39. Qf2 Ne3 40. Bb5 Re7 41. Nd3
b3 42. Nf3 Qe6 43. Nc5 Qg4 44. Nd4 Rc7 45. Qxe3 b2 46. Rf1 Bxc5 47. Qc3 Qh3 0-1

[Event "Druzynowe Mistrzostwa Polski - II Liga 2023"]
[Site "Jastrzebia Gora"]
[Date "1899-12-30"]
[Round "1.46"]
[White "Szwaj, Jacek"]
[Black "Szczesniak, Konrad"]
[Result "1/2-1/2"]
[WhiteTitle "I++"]
[BlackTitle "k"]
[WhiteElo "1886"]
[BlackElo "2011"]

1. Nf3 d5 2. g3 Nf6 3. Bg2 e6 4. O-O Bd6 5. d3 O-O 6. Nbd2 Nbd7 7. e4 c5 8. Re1
Qc7 9. a4 b6 10. c4 Bb7 11. Qe2 dxe4 12. dxe4 e5 13. Nh4 Nb8 14. Nb1 Nc6 15. Nc3
Nd4 16. Qd3 Be7 17. Nb5 Nxb5 18. axb5 g6 19. Bg5 a5 20. Qc2 Rfd8 21. Nf3 Kg7 22.
Bxf6+ Bxf6 23. Rad1 Rxd1 24. Rxd1 Rd8 25. Rxd8 Qxd8 26. b3 Bc8 27. h3 h5 28. Qd2
Qe7 29. Qd3 Be6 30. Nd2 Qa7 31. f4 exf4 32. gxf4 Bd4+ 33. Kh2 a4 34. bxa4 Qxa4
35. f5 Be5+ 36. Kg1 Qd1+ 37. Bf1 Bd4+ 38. Kg2 gxf5 39. exf5 Bxf5 40. Qxf5 Qxd2+
41. Kg3 Qe1+ 42. Kg2 Qe3 43. Bd3 Be5 44. Qh7+ Kf8 45. Qf5 Bf4 46. Qc8+ Kg7 47.
Qf5 Qg3+ 48. Kf1 Qf3+ 49. Ke1 Bg3+ 50. Kd2 Bf4+ 51. Ke1 Qh1+ 52. Kf2 Qh2+ 53.
Kf3 Qg3+ 54. Ke2 Qg2+ 55. Ke1 Bd2+ 56. Kd1 Bc3 57. Be2 Qg3 58. Kc2 Bf6 59. Qxh5
Qc3+ 60. Kd1 Qd4+ 61. Kc2 Qc3+ 62. Kd1 Qa1+ 63. Kc2 Qb2+ 64. Kd3 Qb1+ 65. Kd2
Qb2+ 66. Kd3 Qc3+ 67. Ke4 Kf8 68. Kf4 Bg7 69. Ke4 Kg8 70. Qg4 Qe5+ 71. Kf3 f5
72. Qf4 Qc3+ 73. Qe3 Qf6 74. Qe8+ Kh7 75. Qh5+ Bh6 76. Bd3 Kg7 77. Qxf5 Qxf5+
78. Bxf5 Bd2 79. Ke4 Kh6 80. Ke5 Ba5 81. Kf4 Bb4 82. Ke4 Ba5 83. Bg4 Bb4 84. Bf5
Ba5 85. Bg4 Bb4 86. Bf5 Ba5 87. Bg4 Bb4 88. Bf5 Ba5 89. Bg4 Bb4 1/2-1/2

[Event "Druzynowe Mistrzostwa Polski - II Liga 2023"]
[Site "Jastrzebia Gora"]
[Date "1899-12-30"]
[Round "1.47"]
[White "Zgadzaj, Rafal"]
[Black "Pettersson, Alexander"]
[Result "1/2-1/2"]
[WhiteTitle "CM"]
[BlackTitle "I"]
[WhiteElo "1913"]
[BlackElo "1820"]

1. Nf3 d5 2. c4 e6 3. b3 Nf6 4. Bb2 Be7 5. e3 O-O 6. Nc3 c5 7. d4 cxd4 8. Nxd4
Nc6 9. Be2 Nxd4 10. exd4 b6 11. O-O Bb7 12. a4 Qd7 13. a5 Rfd8 14. a6 Bc6 15.
Nb1 Ne4 16. f3 Nf6 17. Qd3 Rac8 18. Rc1 Ba8 19. Qe3 dxc4 20. bxc4 e5 21. Qxe5
Re8 22. Qg3 Nh5 23. Qf2 Bg5 24. Rc3 Nf4 25. Bf1 Nd5 26. Raa3 Nxc3 27. Rxc3 Qe7
28. Ba3 Qe1 29. f4 Qxf2+ 30. Kxf2 Bxf4 31. d5 Be5 32. Rb3 Bd4+ 33. Kf3 Bc5 34.
Bxc5 Rxc5 35. Nc3 Rec8 36. Ke3 Ra5 37. Bd3 Kf8 38. g3 Rxa6 39. c5 Ra5 40. c6 Bxc6
41. dxc6 Rxc6 42. Be4 Re6 43. Kd4 f5 44. Bd5 Re1 45. Bf3 Ke7 46. Bb7 g5 47. Rb2
Kf6 48. Bd5 h5 49. Rf2 Kg6 50. Bb7 Rc5 51. Rc2 Re7 52. Bd5 Rec7 53. Bb3 b5 54.
Kd3 b4 55. Nd5 Rxc2 56. Bxc2 Rb7 57. Kc4 a5 58. Kb3 Rf7 59. Ne3 g4 60. Ka4 Kg5
61. Nd5 Rd7 62. Bb3 Ra7 63. Bc2 h4 64. gxh4+ Kxh4 65. Bxf5 Kg5 66. Bc8 Ra8 67.
Bd7 Rd8 68. Nb6 Kh4 69. Bf5 Rf8 70. Be4 Re8 71. Bf5 Re5 72. Bd7 Kh3 73. Nc4 Rd5
74. Bxg4+ Kxh2 75. Nxa5 Rxa5+ 76. Kxa5 1/2-1/2

[Event "Druzynowe Mistrzostwa Polski - II Liga 2023"]
[Site "Jastrzebia Gora"]
[Date "1899-12-30"]
[Round "1.48"]
[White "Kaniak, Monika"]
[Black "Pietrzak, Emilia"]
[Result "1-0"]
[WhiteTitle "k"]
[BlackTitle "I++"]
[WhiteElo "1796"]
[BlackElo "1671"]

1. d4 d5 2. Nf3 Nf6 3. c4 e6 4. Nc3 Be7 5. Bg5 O-O 6. e3 h6 7. Bh4 b6 8. Bd3 c5
9. O-O Bb7 10. Qe2 Ne4 11. Bg3 Nxg3 12. hxg3 Nd7 13. Rfd1 Rc8 14. cxd5 exd5 15.
Ba6 Qc7 16. dxc5 Bxa6 17. Qxa6 Nxc5 18. Qe2 Qb8 19. Nxd5 Bd6 20. Nd4 g6 21. Qg4
Kh8 22. b4 Na4 23. Qh4 Kg7 24. Qf6+ Kh7 25. f4 a6 26. Kh2 b5 27. Rh1 Nb6 28. Nf5
1-0

[Event "Druzynowe Mistrzostwa Polski - II Liga 2023"]
[Site "Jastrzebia Gora"]
[Date "1899-12-30"]
[Round "1.49"]
[White "Mickiewicz, Piotr"]
[Black "Mrozowski, Patryk"]
[Result "1/2-1/2"]
[WhiteTitle "m"]
[BlackTitle "I++"]
[WhiteElo "2255"]
[BlackElo "2118"]

1. Nf3 d5 2. e3 c6 3. b3 Bf5 4. Bb2 Nf6 5. Be2 e6 6. Nh4 Bg6 7. d3 Qa5+ 8. Nd2
Nbd7 9. a3 Be7 10. O-O Qb6 11. c4 O-O 12. Nxg6 hxg6 13. Qc2 a5 14. Bc3 c5 15.
Qb2 Rfd8 16. cxd5 exd5 17. d4 cxd4 18. Bxd4 Bc5 19. Nf3 Bxd4 20. Nxd4 Rac8 21.
Rfc1 Ne5 22. Rc2 Rxc2 23. Qxc2 Nc6 24. Rd1 Rd7 25. Nxc6 bxc6 26. Rc1 Rd6 27. Qc5
Qd8 28. Bf3 Re6 29. g3 Nd7 30. Qa7 Kh7 31. Bg4 f5 32. Be2 Rd6 33. Qd4 c5 34. Qf4
Qb6 35. Qh4+ Kg8 36. Qe7 Nf6 37. Bb5 Kh7 38. a4 Ne4 39. Rc2 Nf6 40. Rd2 Re6 41.
Qf7 Rd6 42. h4 Re6 43. h5 Nxh5 44. Rxd5 Nf6 45. Bc4 Rd6 46. Rxd6 Qxd6 47. Qe6
Qd2 48. Qc8 Qe1+ 49. Kg2 Qd2 50. Qa8 Qe1 51. Be6 Qd2 52. Qb8 Qc2 53. Qf4 Qe4+
54. Qxe4 Nxe4 55. f3 Nd6 56. Bd5 g5 57. e4 g6 58. e5 Nc8 59. Be6 Nb6 60. Kh3 Kg7
61. f4 Kf8 62. Kg2 g4 63. Kf2 Ke7 64. Bg8 Kf8 65. Be6 Ke7 66. Bg8 Kf8 67. Be6
Ke7 68. Bg8 1/2-1/2

[Event "Druzynowe Mistrzostwa Polski - II Liga 2023"]
[Site "Jastrzebia Gora"]
[Date "1899-12-30"]
[Round "1.50"]
[White "Papka, Sebastian"]
[Black "Kosiorek, Marek"]
[Result "0-1"]
[WhiteTitle "k"]
[BlackTitle "m"]
[WhiteElo "2107"]
[BlackElo "2259"]

1. d4 d5 2. Nf3 e6 3. c4 a6 4. cxd5 exd5 5. Nc3 c6 6. g3 Bf5 7. Qb3 Ra7 8. Bf4
Nf6 9. Bg2 Be7 10. a4 a5 11. O-O O-O 12. Rfd1 Na6 13. Ne5 Nb4 14. Rac1 h6 15.
Na2 Nxa2 16. Qxa2 Qb6 17. Nd3 Raa8 18. Nc5 Nd7 19. Be3 Rae8 20. Bf3 Nxc5 21. dxc5
Qd8 22. Qb3 Bc8 23. Bd2 g5 24. e4 dxe4 25. Bxe4 Qd4 26. Qc2 f5 27. Qb3+ Kh7 28.
Bb1 Bxc5 29. Qf3 g4 30. Qg2 Re2 31. Be3 Qxe3 32. fxe3 Bxe3+ 33. Kf1 Rxg2 34. Kxg2
Bxc1 35. Rxc1 Rd8 36. Rc2 Kg6 37. Kf2 Rd4 38. b3 Be6 39. Rb2 Rb4 40. Bc2 b5 41.
axb5 cxb5 0-1

[Event "Druzynowe Mistrzostwa Polski - II Liga 2023"]
[Site "Jastrzebia Gora"]
[Date "1899-12-30"]
[Round "1.51"]
[White "Maciaga, Marcin"]
[Black "Drozdowski, Konrad"]
[Result "1/2-1/2"]
[WhiteTitle "k++"]
[BlackTitle "k"]
[WhiteElo "2123"]
[BlackElo "2104"]

1. c4 Nf6 2. Nf3 g6 3. Nc3 Bg7 4. g3 d6 5. Bg2 O-O 6. O-O e5 7. d3 Nc6 8. Rb1 Re8
9. b4 e4 10. dxe4 Nxe4 11. Nxe4 Rxe4 12. b5 Nd4 13. Nxd4 Rxd4 14. Qb3 Be6 15.
Bxb7 Rxc4 16. Bg5 Qe8 17. Qf3 Rb8 18. Bc6 Bd7 19. Rfc1 Bxc6 20. bxc6 Rxb1 21.
Rxb1 h6 22. Be3 Rxc6 23. Bxa7 Kh7 24. Qd3 Qa8 25. Qf3 d5 26. Be3 d4 27. Bc1 Qxa2
28. Qxc6 Qxb1 29. Qxc7 Qb3 30. Kg2 Qd5+ 1/2-1/2

[Event "Druzynowe Mistrzostwa Polski - II Liga 2023"]
[Site "Jastrzebia Gora"]
[Date "1899-12-30"]
[Round "1.52"]
[White "Zielinski, Olgierd"]
[Black "Syrkiewicz, Michal"]
[Result "0-1"]
[WhiteTitle "I+"]
[BlackTitle "k"]
[WhiteElo "1822"]
[BlackElo "2041"]

1. d4 Nf6 2. c4 e6 3. Nc3 d5 4. Nf3 dxc4 5. e3 a6 6. a4 c5 7. Bxc4 Nc6 8. O-O Be7
9. dxc5 O-O 10. Qe2 Bxc5 11. Rd1 Qc7 12. h3 Bd7 13. e4 Ne5 14. Nxe5 Qxe5 15. Be3
Rac8 16. Bb3 Bc6 17. f4 Qh5 18. g4 Bxe3+ 19. Qxe3 Qa5 20. e5 Nd5 21. Nxd5 Bxd5
22. Bxd5 exd5 23. Qb3 Rfd8 24. Rd4 Rc4 25. Rad1 Qc5 26. Qd3 Rxa4 27. Kg2 Rxd4
28. Qxd4 Qxd4 29. Rxd4 Kf8 30. Kf3 Ke7 31. f5 a5 32. Rd3 b5 33. Ke3 f6 34. e6
Kd6 35. Rc3 b4 36. Rc1 a4 37. Kd4 a3 38. bxa3 bxa3 39. Rc5 Ra8 40. Rxd5+ Ke7 41.
Rd7+ Kf8 42. e7+ Ke8 43. Rd8+ Rxd8+ 44. exd8=Q+ Kxd8 45. Kc3 Kd7 46. Kb3 Kd6 47.
Kxa3 Ke5 0-1

[Event "Druzynowe Mistrzostwa Polski - II Liga 2023"]
[Site "Jastrzebia Gora"]
[Date "1899-12-30"]
[Round "1.53"]
[White "Krasiewicz, Robert"]
[Black "Gorniewicz, Oskar"]
[Result "1-0"]
[WhiteTitle "k+"]
[BlackTitle "I"]
[WhiteElo "1945"]
[BlackElo "1889"]

1. c4 g6 2. g3 Bg7 3. Bg2 d6 4. Nc3 Nf6 5. d3 c6 6. e4 e5 7. Nge2 O-O 8. O-O a5
9. h3 Ne8 10. Be3 Be6 11. Qd2 Nd7 12. b3 f5 13. d4 Ndf6 14. exf5 Bxf5 15. Rad1
Qc7 16. g4 Be6 17. f4 Nd7 18. Ne4 exd4 19. Nxd4 Bf7 20. Ng5 Nc5 21. f5 Nf6 22.
Nde6 Nxe6 23. fxe6 Be8 24. Qxd6 Qxd6 25. Rxd6 Nxg4 26. hxg4 Rxf1+ 27. Kxf1 Be5
28. Rd3 a4 29. b4 h5 30. Nf3 Bb2 31. g5 a3 32. Bc5 Rc8 33. Bh3 b5 34. e7 Rc7 35.
Be6+ Kg7 36. Rd8 Bf7 37. Bxf7 Rxe7 38. Bxe7 Kxf7 39. Bf6 bxc4 40. Ne5+ 1-0